000 00533nam a2200193Ia 4500
003 GCL
008 140319s9999 xx 000 0 eng d
040 _aGCL /
_cGCL
082 0 4 _a757.0932
_bD M
100 1 _aDOXIADIS, EUPHROSYNE
245 1 0 _aMYSTERIOUS FAYUM PORTRAITS FACES FROM ANCIENT EGYPT /
_cDOXIADIS, EUPHROSYNE
260 _a[S.N] :
_bTHOMAS AND HUDSON ،
_c1995
300 _a247 P
650 0 4 _aARTS
650 0 4 _aPORTRAITS
650 0 4 _aFACES - PORTRAITS
650 0 4 _aANCIENT EGYPT PORTRAITS
942 _2ddc
_cBK
999 _c14771
_d14771